| 000 | 00475nam a22001697a 4500 | ||
|---|---|---|---|
| 003 | OSt | ||
| 005 | 20211012093440.0 | ||
| 008 | 211012b |||||||| |||| 00| 0 eng d | ||
| 020 | _a9780071316903 | ||
| 040 | _cHU | ||
| 082 |
_2Sixteenth Edition _a657/FIN |
||
| 100 |
_aR.Williams _qJan R.Williams _912649 |
||
| 245 | _aFinancial and Managerial Accounting The Basis for Business Decisions | ||
| 260 |
_aNew York _bMcGRAW-Hill _c2012 |
||
| 300 | _a1145 | ||
| 942 |
_2ddc _cBOOKS _n0 |
||
| 999 |
_c11713 _d11713 |
||